Masnavi Mazhar-Ul-Ajaib (Record no. 4940)

MARC details
000 -LEADER
fixed length control field 00545nam a2200229 a 4500
020 ## - INTERNATIONAL STANDARD BOOK NUMBER
ISBN
082 00 - DEWEY DECIMAL CLASSIFICATION NUMBER
Classification number 891.51
Author Cutter ATT2
100 ## - MAIN ENTRY--AUTHOR NAME
Author name Attar, Shaikh Fariduddin
245 ## - TITLE STATEMENT
Title Masnavi Mazhar-Ul-Ajaib
260 ## - PUBLICATION, DISTRIBUTION, ETC. (IMPRINT)
Place of publication Karachi
Name of publisher Panah Manzil
Year of publication 1950
300 ## - PHYSICAL DESCRIPTION
Number of Pages 391p
500 ## - GENERAL NOTE
General note includes index and biblioraphy
505 2# - FORMATTED CONTENTS NOTE
Formatted contents note appendix
650 ## - SUBJECT ADDED ENTRY--TOPICAL TERM
Topical Term Persian Poetry
942 ## - ADDED ENTRY ELEMENTS (KOHA)
Koha item type Books
Holdings
Collection code Home library Current library Date acquired Cost, normal purchase price Full call number Accession Number Koha item type
  Henry Martyn Institute Library Henry Martyn Institute Library 06/01/2007 100.00 891.51 ATT2 09524 Books
                   Copyright © 2026 | Henry Martyn Institute | Hyderabad | TS-500052 | INDIA | Implemented by hmi.edu.in
Hit-Count:

Powered by Koha